[Event "EU-ch Rapid"]
[Site "Katowice"]
[Date "2022.12.17"]
[Round "3"]
[White "Ziogas, Modestas"]
[Black "Klekowski, Maciej"]
[Result "0-1"]
[WhiteElo "2098"]
[BlackElo "2477"]
[PlyCount "58"]
[EventDate "2022.12.17"]
[EventType "swiss (rapid)"]
[EventRounds "11"]
[EventCountry "POL"]
[SourceTitle "CBM 211 Extra"]
[Source "ChessBase"]
[SourceDate "2023.01.31"]
[SourceVersion "1"]
[SourceVersionDate "2023.01.31"]
[SourceQuality "1"]

1. d4 Nf6 2. Nc3 d5 3. Bg5 Nbd7 4. Qd3 c6 5. e4 dxe4 6. Nxe4 Nxe4 7. Qxe4 Nf6 8. Bxf6 gxf6 9. 0-0-0 Be6 10. a3 Qa5 11. Qe1 Qxe1 12. Rxe1 0-0-0 13. c3 Rg8 14. Nf3 Bf5 15. b4 a5 16. Nh4 Bg4 17. Bd3 axb4 18. axb4 e5 19. Bxh7 Rg5 20. h3 Be6 21. Nf3 Rxg2 22. Re2 Bc4 23. Rc2 Bb3 24. Rb2 Bd5 25. Nh4 Rg5 26. f4 Rh5 27. Bf5+ Kc7 28. Re1 exd4 29. cxd4 Rxh4 0-1

[Event "EU-ch Blitz"]
[Site "Katowice"]
[Date "2022.12.16"]
[Round "4"]
[White "Batsiashvili, Nino"]
[Black "Ziogas, Modestas"]
[Result "1/2-1/2"]
[WhiteElo "2493"]
[BlackElo "2098"]
[PlyCount "131"]
[EventDate "2022.12.16"]
[EventType "swiss (blitz)"]
[EventRounds "22"]
[EventCountry "POL"]
[SourceTitle "CBM 211 Extra"]
[Source "ChessBase"]
[SourceDate "2023.01.31"]
[SourceVersion "1"]
[SourceVersionDate "2023.01.31"]
[SourceQuality "1"]

1. d4 d5 2. Nf3 Nf6 3. Bf4 Nc6 4. e3 Bg4 5. a3 e6 6. c4 Bd6 7. Bg3 0-0 8. Nc3 Re8 9. Be2 dxc4 10. Ne5 Bxe2 11. Qxe2 Ne7 12. Nxc4 Ned5 13. 0-0 Nxc3 14. bxc3 Bxg3 15. hxg3 Ne4 16. Rac1 Qe7 17. a4 Qd7 18. Qc2 Nd6 19. Ne5 Qe7 20. c4 Nf5 21. c5 f6 22. Nf3 b6 23. Qe4 Qd7 24. Rc4 Rad8 25. Rfc1 Qf7 26. g4 Nh6 27. g5 Nf5 28. gxf6 gxf6 29. cxb6 cxb6 30. Rc7 Re7 31. Rxe7 Qxe7 32. Rc6 Nd6 33. Qg4+ Kh8 34. Qf4 Nf7 35. Rc7 Rd7 36. Rxd7 Qxd7 37. Qxf6+ Kg8 38. e4 Qc6 39. d5 Qc1+ 40. Kh2 exd5 41. exd5 Qc7+ 42. g3 Qd6 43. Qf5 h6 44. Kg2 a6 45. Nh4 Qe5 46. Qxe5 Nxe5 47. Nf5 Kh7 48. f4 Nd7 49. Kf3 Kg6 50. Nd6 Kf6 51. Ne4+ Ke7 52. g4 b5 53. axb5 axb5 54. Ke3 Nb8 55. Kd4 Na6 56. Ng3 b4 57. Nf5+ Kf6 58. Nxh6 b3 59. Kc3 Nc5 60. g5+ Kg6 61. Ng4 b2 62. Kxb2 Nd3+ 63. Kc3 Nxf4 64. Kd4 Nxd5 65. Kxd5 Kxg5 66. Kd4 1/2-1/2

[Event "EU-ch Blitz"]
[Site "Katowice"]
[Date "2022.12.16"]
[Round "15"]
[White "Ziogas, Modestas"]
[Black "Marn, Jan"]
[Result "0-1"]
[WhiteElo "2098"]
[BlackElo "2332"]
[PlyCount "98"]
[EventDate "2022.12.16"]
[EventType "swiss (blitz)"]
[EventRounds "22"]
[EventCountry "POL"]
[SourceTitle "CBM 211 Extra"]
[Source "ChessBase"]
[SourceDate "2023.01.31"]
[SourceVersion "1"]
[SourceVersionDate "2023.01.31"]
[SourceQuality "1"]

1. d4 d5 2. Nc3 Nf6 3. Bg5 Nbd7 4. Qd3 h6 5. Bh4 e6 6. 0-0-0 c5 7. e4 Qa5 8. exd5 Be7 9. dxe6 fxe6 10. Qg6+ Kf8 11. Nf3 b5 12. Bxb5 Rb8 13. Bc4 Qb6 14. b3 Ba6 15. Bxa6 Qxa6 16. Ne5 Nxe5 17. dxe5 Ng8 18. Rd7 c4 19. Bxe7+ Nxe7 20. Rxe7 Qa3+ 21. Kb1 Qxe7 22. Rd1 Qf7 23. Qg4 cxb3 24. axb3 Kg8 25. Ne4 Kh7 26. f4 Qg6 27. Qf3 Rhc8 28. Rd7 Rb4 29. Nf6+ Kh8 30. f5 Qxf5 31. Qxf5 exf5 32. e6 gxf6 33. e7 Rbb8 34. Rxa7 Re8 35. Ra6 Kg7 36. Ra5 Kf7 37. Rxf5 Rxe7 38. Kb2 Re2 39. Rh5 Kg6 40. Rh3 Rc8 41. Rc3 Rxc3 42. Kxc3 Rxg2 43. b4 f5 44. b5 Re2 45. Kd3 Re8 46. c4 Rb8 47. Ke3 Kg5 48. Kf3 Kf6 49. Kf4 Rc8 0-1

[Event "EU-ch Blitz"]
[Site "Katowice"]
[Date "2022.12.16"]
[Round "11"]
[White "Ziogas, Modestas"]
[Black "Paszewski, Mateusz"]
[Result "0-1"]
[WhiteElo "2098"]
[BlackElo "2282"]
[PlyCount "126"]
[EventDate "2022.12.16"]
[EventType "swiss (blitz)"]
[EventRounds "22"]
[EventCountry "POL"]
[SourceTitle "CBM 211 Extra"]
[Source "ChessBase"]
[SourceDate "2023.01.31"]
[SourceVersion "1"]
[SourceVersionDate "2023.01.31"]
[SourceQuality "1"]

1. d4 d5 2. Nc3 Nf6 3. Bg5 Bf5 4. e3 Nbd7 5. Bd3 Bg6 6. h4 h6 7. Bf4 Bxd3 8. Qxd3 c6 9. 0-0-0 e6 10. f3 b5 11. g4 Nb6 12. Kb1 a5 13. Nce2 a4 14. Nc1 Nc4 15. Nge2 Bd6 16. g5 Nh5 17. gxh6 g6 18. Bxd6 Qxd6 19. e4 Qb4 20. Qc3 Qxc3 21. Nxc3 Rxh6 22. Rhe1 Kd7 23. Nd3 Rb8 24. exd5 cxd5 25. b3 axb3 26. cxb3 Nd6 27. Ne5+ Kc7 28. Rc1 Kb7 29. Nd7 Rd8 30. Nc5+ Kb6 31. a4 bxa4 32. N3xa4+ Ka7 33. Kb2 Nf4 34. Rh1 Rdh8 35. Nc3 Rxh4 36. Rxh4 Rxh4 37. Ra1+ Kb8 38. Ra6 Nc8 39. Nb5 Ne2 40. Rc6 Nxd4 41. Nd7+ Kb7 42. Rc7+ Ka6 43. Nxd4 Rxd4 44. Rxc8 Rf4 45. Rc3 Kb5 46. Ne5 Rf5 47. Nc6 Kb6 48. Nd4 Rf4 49. Ne2 Rh4 50. Ka3 Rh2 51. Nd4 Rf2 52. b4 e5 53. Nc6 d4 54. Rc1 Rxf3+ 55. Ka4 f6 56. b5 d3 57. Nb4 d2 58. Rc6+ Kb7 59. Rd6 Rf2 60. Ka5 Kc7 61. Rd5 e4 62. Na6+ Kc8 63. b6 Rf5 0-1

[Event "LTU-ch Rapid"]
[Site "Taujenai"]
[Date "2022.12.04"]
[Round "7"]
[White "Ziogas, Modestas"]
[Black "Sumskis, Rimvydas"]
[Result "1-0"]
[WhiteElo "2157"]
[BlackElo "1869"]
[PlyCount "113"]
[EventDate "2022.12.03"]
[EventType "swiss (rapid)"]
[EventRounds "10"]
[EventCountry "LTU"]
[SourceTitle "CBM 211 Extra"]
[Source "ChessBase"]
[SourceDate "2023.01.31"]
[SourceVersion "1"]
[SourceVersionDate "2023.01.31"]
[SourceQuality "1"]

1. d4 Nf6 2. Nc3 e6 3. Bg5 Bb4 4. Qd3 h6 5. Bh4 c5 6. Bxf6 Qxf6 7. e3 Nc6 8. Nf3 cxd4 9. exd4 0-0 10. 0-0-0 Bxc3 11. Qxc3 d5 12. Bd3 Bd7 13. Qe1 Rfc8 14. Kb1 a5 15. Ne5 Be8 16. Qe3 Nb4 17. g4 Nxd3 18. Rxd3 Ba4 19. Rd2 Rc7 20. f4 Rac8 21. Rc1 Qe7 22. g5 hxg5 23. fxg5 Be8 24. h4 a4 25. h5 b5 26. g6 f6 27. Nd3 b4 28. Nc5 Rxc5 29. dxc5 Rxc5 30. Re1 e5 31. Qf3 e4 32. Qf4 a3 33. Qb8 Rb5 34. Qa8 Qe5 35. Rd4 Kf8 36. Qa7 Qxh5 37. Rxb4 Rxb4 38. Qc5+ Kg8 39. Qxb4 Qxg6 40. Qxa3 f5 41. Qc5 Qe6 42. Rg1 f4 43. Qc7 g6 44. Qxf4 d4 45. Re1 Bc6 46. Rf1 Qe7 47. Rh1 Bd7 48. Qh6 Qg7 49. Qg5 Bf5 50. Qd8+ Kf7 51. a4 e3 52. a5 Qf6 53. Qc7+ Ke6 54. a6 Qe5 55. Qb6+ Kd5 56. a7 Qe8 57. Qb7+ 1-0

[Event "LTU-ch Rapid"]
[Site "Taujenai"]
[Date "2022.12.03"]
[Round "2"]
[White "Kalinauskas, Rolandas"]
[Black "Ziogas, Modestas"]
[Result "0-1"]
[WhiteElo "1803"]
[BlackElo "2157"]
[PlyCount "92"]
[EventDate "2022.12.03"]
[EventType "swiss (rapid)"]
[EventRounds "10"]
[EventCountry "LTU"]
[SourceTitle "CBM 211 Extra"]
[Source "ChessBase"]
[SourceDate "2023.01.31"]
[SourceVersion "1"]
[SourceVersionDate "2023.01.31"]
[SourceQuality "1"]

1. e4 d5 2. exd5 Qxd5 3. Nc3 Qa5 4. d4 Nf6 5. Nf3 Bg4 6. h3 Bh5 7. g4 Bg6 8. Ne5 Nbd7 9. Nc4 Qa6 10. Bf4 Qe6+ 11. Be2 Nd5 12. Nxd5 Qxd5 13. 0-0 0-0-0 14. Ne3 Qe4 15. Bg3 e5 16. d5 h5 17. Bf3 Qa4 18. b3 Qa6 19. c4 hxg4 20. hxg4 Bc5 21. Qd2 Qb6 22. Nc2 f5 23. b4 Bd4 24. c5 Qf6 25. g5 Qe7 26. Nxd4 f4 27. Bxf4 exf4 28. Qxf4 Rdf8 29. Qg3 Ne5 30. Bg4+ Nxg4 31. Qxg4+ Kb8 32. Rae1 Qf7 33. Ne6 Bf5 34. Qg3 Rc8 35. f4 Rh3 36. Qg2 Rch8 37. Rf3 R3h4 38. Ree3 g6 39. Re5 a6 40. Rfe3 Qh7 41. d6 Rh1+ 42. Kf2 Rh2 43. dxc7+ Ka7 44. Rg3 Rxg2+ 45. Rxg2 Bxe6 46. Rxe6 Qxc7 0-1

[Event "LTU-ch Rapid op"]
[Site "Vilnius"]
[Date "2021.07.17"]
[Round "5"]
[White "Posaskov, Nikita"]
[Black "Ziogas, Modestas"]
[Result "0-1"]
[WhiteElo "1862"]
[BlackElo "2106"]
[PlyCount "180"]
[EventDate "2021.07.17"]
[EventType "swiss (rapid)"]
[EventRounds "9"]
[EventCountry "LTU"]
[SourceTitle "EXT 2023"]
[Source "ChessBase"]
[SourceDate "2022.10.05"]
[SourceVersion "1"]
[SourceVersionDate "2022.10.05"]
[SourceQuality "1"]

1. c4 d5 2. cxd5 Qxd5 3. Nc3 Qa5 4. d4 Nf6 5. g3 h5 6. Bg2 Nc6 7. Nf3 Bg4 8. h3 Bf5 9. Qb3 0-0-0 10. Ne5 Be6 11. Qxb7+ Kxb7 12. Nxc6 Qb6 13. Nxd8+ Kc8 14. Nxe6 Qxe6 15. Bf4 g5 16. Bxg5 Bh6 17. Bxh6 Rxh6 18. Rc1 a6 19. b3 Rh8 20. Na4 Ne4 21. Nc5 Nxc5 22. Rxc5 Rd8 23. e3 Rxd4 24. 0-0 Rd2 25. Rc6 Qf5 26. Rxa6 Qb5 27. Ra4 Qe2 28. Rf4 f6 29. Bf3 Qb5 30. Rc4 Rxa2 31. Rfc1 Ra7 32. Rc5 Qxb3 33. Bxh5 e6 34. Bf3 Qb2 35. R5c2 Qe5 36. h4 Kd8 37. h5 Ra1 38. Kg2 Rxc1 39. Rxc1 Qg5 40. Rh1 Qh6 41. Rd1+ Ke7 42. Rc1 Kd6 43. Rc6+ Kd7 44. Rc4 f5 45. g4 Qg5 46. Kg3 e5 47. Rc5 f4+ 48. Kg2 fxe3 49. fxe3 Qxe3 50. Rd5+ Ke6 51. Rd1 c5 52. Rf1 c4 53. Bd1 c3 54. Rf2 e4 55. Bb3+ Kd6 56. Bc2 Qd4 57. Re2 e3 58. Bf5 Kc5 59. h6 Qd5+ 60. Kh3 Qh1+ 61. Kg3 Qxh6 62. Kf3 Qh3+ 63. Ke4 Kb4 64. Rxe3 Qg2+ 65. Kf4 c2 66. Bxc2 Qxc2 67. g5 Kc5 68. Rg3 Qg6 69. Kg4 Kd5 70. Re3 Kd4 71. Rf3 Ke4 72. Rf6 Qg7 73. Re6+ Kd5 74. Kf5 Qh7+ 75. Rg6 Kd4 76. Kf6 Qh8+ 77. Rg7 Ke4 78. g6 Qd8+ 79. Ke6 Qb6+ 80. Kf7 Kf5 81. Kg8 Qd8+ 82. Kf7 Qd7+ 83. Kg8 Qe8+ 84. Kh7 Kg5 85. Rf7 Qe6 86. Rg7 Qh3+ 87. Kg8 Qh2 88. Kf7 Qd6 89. Rg8 Qd7+ 90. Kf8 Kf6 0-1

[Event "Jonava Banaitis Memorial"]
[Site "Jonava"]
[Date "2020.01.19"]
[Round "6.10"]
[White "Ziogas, Modestas"]
[Black "Juksta, Karolis"]
[Result "0-1"]
[WhiteElo "2054"]
[BlackElo "2109"]
[PlyCount "66"]
[EventDate "2020.01.19"]
[EventType "swiss (rapid)"]
[EventRounds "9"]
[EventCountry "LTU"]
[SourceTitle "EXT 2023"]
[Source "ChessBase"]
[SourceDate "2022.10.05"]
[SourceVersion "1"]
[SourceVersionDate "2022.10.05"]
[SourceQuality "1"]

1. d4 e6 2. Nc3 d5 3. Qd3 Nf6 4. Bg5 Be7 5. 0-0-0 0-0 6. h4 b6 7. e4 dxe4 8. Nxe4 Bb7 9. f3 Nbd7 10. Nh3 c5 11. Be2 Rc8 12. dxc5 Nxe4 13. Qxd7 Bxg5+ 14. Nxg5 Qxd7 15. Rxd7 Nxc5 16. Re7 h6 17. Nh3 Rfd8 18. b4 Kf8 19. Rxb7 Nxb7 20. Nf2 Ke7 21. Nd3 Nd6 22. Ne5 f6 23. Ng6+ Kf7 24. Nf4 e5 25. Nd3 Nf5 26. Re1 Nd4 27. Bd1 Nxc2 28. Bxc2 Rxd3 29. Kb1 Rd4 30. a3 Rxh4 31. Be4 Rh2 32. Rd1 Rc7 33. Bd5+ Ke7 0-1

[Event "LTU-ch Rapid op"]
[Site "Taujenai"]
[Date "2019.10.20"]
[Round "11.7"]
[White "Ziogas, Modestas"]
[Black "Vedrickas, Tautvydas"]
[Result "1-0"]
[WhiteElo "2036"]
[BlackElo "2234"]
[PlyCount "81"]
[EventDate "2019.10.19"]
[EventType "swiss (rapid)"]
[EventRounds "11"]
[EventCountry "LTU"]
[SourceTitle "EXT 2023"]
[Source "ChessBase"]
[SourceDate "2022.10.05"]
[SourceVersion "1"]
[SourceVersionDate "2022.10.05"]
[SourceQuality "1"]

1. d4 b5 2. a4 b4 3. e4 Bb7 4. Bd3 d6 5. Nf3 Nd7 6. 0-0 g6 7. c3 bxc3 8. bxc3 Bg7 9. Bg5 h6 10. Bd2 e6 11. Na3 Ne7 12. Qc1 g5 13. Nc4 a5 14. Ne1 d5 15. exd5 Nxd5 16. Rb1 Bc6 17. Bc2 N7b6 18. Nb2 Nf6 19. f3 Bf8 20. Ned3 Bd6 21. Qe1 Qe7 22. Ne5 Bb7 23. Nbc4 Nxc4 24. Rxb7 Bxe5 25. dxe5 Qc5+ 26. Kh1 Nxe5 27. Rb5 Nxf3 28. Rxf3 Qe7 29. Qe5 0-0-0 30. Be1 Nd5 31. Rxa5 Nb6 32. Qe2 Rd6 33. Bg3 Rc6 34. Be4 Rc4 35. Bd3 Rc5 36. Rxc5 Qxc5 37. Qe5 Qxe5 38. Bxe5 Rd8 39. a5 Nd5 40. Rxf7 Kb7 41. h3 1-0

[Event "LTU-ch Rapid op"]
[Site "Taujenai"]
[Date "2019.10.19"]
[Round "5.7"]
[White "Ziogas, Modestas"]
[Black "Laurusas, Tomas"]
[Result "0-1"]
[WhiteElo "2036"]
[BlackElo "2598"]
[PlyCount "92"]
[EventDate "2019.10.19"]
[EventType "swiss (rapid)"]
[EventRounds "11"]
[EventCountry "LTU"]
[SourceTitle "EXT 2023"]
[Source "ChessBase"]
[SourceDate "2022.10.05"]
[SourceVersion "1"]
[SourceVersionDate "2022.10.05"]
[SourceQuality "1"]

1. d4 d5 2. Nc3 Bf5 3. Bg5 c6 4. e3 Nd7 5. Bd3 Bg6 6. h4 Ngf6 7. h5 Bxd3 8. Qxd3 h6 9. Bf4 e6 10. 0-0-0 Bb4 11. a3 Be7 12. f3 0-0 13. g4 Ne8 14. g5 hxg5 15. h6 g6 16. Bg3 Nd6 17. Bxd6 Bxd6 18. Nh3 e5 19. Rdg1 exd4 20. exd4 Qf6 21. Kb1 Bf4 22. Ne2 Rfe8 23. Nexf4 gxf4 24. Rg4 Re3 25. Qd1 Rae8 26. Nxf4 Kh8 27. Rhg1 Nf8 28. Rf1 Nd7 29. Nd3 Kh7 30. Qc1 Re2 31. Rf4 Qe7 32. Qd1 Re6 33. Rg4 Re3 34. f4 Nf6 35. Rg5 Ne4 36. Re5 Qf8 37. f5 Rxe5 38. Nxe5 g5 39. f6 Rxa3 40. Re1 Rh3 41. Qg4 Rxh6 42. Qf5+ Kg8 43. Rg1 Rxf6 44. Qg4 Qb4 45. Qc8+ Kg7 46. Rh1 Rf1+ 0-1

[Event "Prague op"]
[Site "Prague"]
[Date "2019.03.12"]
[Round "5"]
[White "Slampa, Jan"]
[Black "Ziogas, Modestas"]
[Result "1-0"]
[WhiteElo "2255"]
[BlackElo "2092"]
[PlyCount "85"]
[EventDate "2019.03.09"]
[EventType "swiss"]
[EventRounds "9"]
[EventCountry "CZE"]
[SourceTitle "CBM 189 Extra"]
[Source "ChessBase"]
[SourceDate "2019.06.03"]
[SourceVersion "1"]
[SourceVersionDate "2019.06.03"]
[SourceQuality "1"]

1. d4 Nf6 2. c4 g6 3. Nc3 Bg7 4. e4 d6 5. f3 c6 6. Be3 0-0 7. Qd2 e5 8. d5 cxd5 9. cxd5 Nbd7 10. g4 Nc5 11. 0-0-0 Qa5 12. h4 Bd7 13. Kb1 b5 14. Nxb5 Qb6 15. Na3 Ba4 16. Rc1 Rfc8 17. Nc4 Qd8 18. h5 Rab8 19. Ne2 Bb5 20. Ng3 Ba4 21. b3 Bb5 22. g5 Ne8 23. hxg6 hxg6 24. Na5 Qb6 25. Bxb5 Qxb5 26. Bxc5 dxc5 27. Nc6 Rb7 28. Qc3 Bf8 29. Nf1 Nd6 30. Ne3 Qe2 31. Rhf1 Nb5 32. Qe1 Qd3+ 33. Ka1 Nd4 34. Nxd4 exd4 35. Ng4 Bg7 36. Nf6+ Kf8 37. Qa5 Rb5 38. Qa6 Rd8 39. Rfd1 Qe2 40. a4 Bxf6 41. gxf6 Rdb8 42. axb5 Kg8 43. d6 1-0

[Event "Lienz op 20th"]
[Site "Lienz"]
[Date "2019.02.14"]
[Round "7"]
[White "Injac, Teodora"]
[Black "Ziogas, Modestas"]
[Result "1-0"]
[WhiteElo "2325"]
[BlackElo "2067"]
[PlyCount "91"]
[EventDate "2019.02.09"]
[EventType "swiss"]
[EventRounds "9"]
[EventCountry "AUT"]
[SourceTitle "CBM 188 Extra"]
[Source "ChessBase"]
[SourceDate "2019.02.26"]
[SourceVersion "1"]
[SourceVersionDate "2019.02.26"]
[SourceQuality "1"]

1. d4 d5 2. c4 Nf6 3. cxd5 Qxd5 4. Nc3 Qa5 5. Bd2 e6 6. e4 c6 7. Nf3 Be7 8. Bd3 Nbd7 9. Nd5 Qd8 10. Nxe7 Qxe7 11. 0-0 h6 12. h3 e5 13. dxe5 Nxe5 14. Nxe5 Qxe5 15. Bc3 Qf4 16. Qe2 Be6 17. b4 0-0 18. Bd2 Qe5 19. Be3 Rfd8 20. Rad1 Qh5 21. f4 Bxh3 22. gxh3 Qxh3 23. Rfe1 Ng4 24. Qg2 Qh4 25. Bf2 Nxf2 26. Qxf2 Qg4+ 27. Kh2 Qh5+ 28. Kg2 Rd6 29. e5 Rd7 30. Rh1 Qg4+ 31. Qg3 Qe6 32. Bc4 Qf5 33. Rxd7 Qxd7 34. Rxh6 Qd2+ 35. Kh3 Qc2 36. Bd3 Qd1 37. Rd6 Qh1+ 38. Qh2 Qf3+ 39. Qg3 Qh1+ 40. Kg4 g6 41. Bxg6 fxg6 42. Rxg6+ Kh7 43. Kg5 Rg8 44. Rxg8 Kxg8 45. Kf6+ Kf8 46. Qg7+ 1-0

[Event "LTU-chT"]
[Site "Lithuania"]
[Date "2016.01.24"]
[Round "2.2"]
[White "Markelis, Aleksandras"]
[Black "Ziogas, Modestas"]
[Result "0-1"]
[WhiteElo "1549"]
[BlackElo "2008"]
[PlyCount "131"]
[EventDate "2016.01.23"]
[EventType "team-swiss"]
[EventRounds "7"]
[EventCountry "LTU"]
[SourceTitle "CBM 170 Extra"]
[Source "ChessBase"]
[SourceDate "2016.02.25"]
[SourceVersion "1"]
[SourceVersionDate "2016.02.25"]
[SourceQuality "1"]
[WhiteTeam "Alytus"]
[BlackTeam "Rokiskis"]
[WhiteTeamCountry "LTU"]
[BlackTeamCountry "LTU"]

1. d4 d5 2. Bf4 c5 3. e3 Nc6 4. c3 e6 5. Nd2 Nf6 6. Ngf3 Be7 7. Bd3 Bd7 8. h3 h6 9. Ne5 Qb6 10. b3 cxd4 11. exd4 Rc8 12. Rc1 Ba3 13. Rc2 0-0 14. Be3 Bd6 15. Ndf3 Qc7 16. Bf4 Be8 17. Qe2 Nh7 18. Bh2 Ne7 19. 0-0 Nc6 20. Kh1 Qe7 21. Re1 a6 22. b4 b5 23. Nxc6 Bxc6 24. Bxd6 Qxd6 25. Ne5 Nf6 26. Qe3 Nd7 27. f4 Rfe8 28. Be2 Nf6 29. Bf3 Rc7 30. Nd3 Ne4 31. Bxe4 dxe4 32. Nc5 Bd5 33. Nxe4 Bxe4 34. Qxe4 Rec8 35. Re3 Qd8 36. Kh2 Rc4 37. Rg3 Qc7 38. a3 Qd6 39. Rf3 f5 40. Qe5 Qxe5 41. dxe5 Kf7 42. g3 g5 43. Kg2 Rd8 44. Kf2 Rd1 45. fxg5 hxg5 46. Re3 Kg6 47. Ke2 Ra1 48. Rd2 f4 49. gxf4 gxf4 50. Rf3 Rxa3 51. Rc2 Ra1 52. Kd3 Kf5 53. Re2 Rxc3+ 54. Kxc3 Ra3+ 55. Kd4 Rxf3 56. Kc5 Rxh3 57. Kb6 Ra3 58. Kc5 f3 59. Re1 f2 60. Rf1 Ra2 61. Kd6 Rd2+ 62. Ke7 Kxe5 63. Rh1 Re2 64. Rf1 Kf4 65. Kd6 Kf3 66. Kc5 0-1

[Event "Tatry op"]
[Site "Tatranske Zruby"]
[Date "2015.09.28"]
[Round "4"]
[White "Haring, Viktor"]
[Black "Ziogas, Modestas"]
[Result "1-0"]
[WhiteElo "2189"]
[BlackElo "2002"]
[PlyCount "61"]
[EventDate "2015.09.26"]
[EventType "swiss"]
[EventRounds "9"]
[EventCountry "SVK"]
[SourceTitle "CBM 168 Extra"]
[Source "ChessBase"]
[SourceDate "2015.10.29"]
[SourceVersion "1"]
[SourceVersionDate "2015.10.29"]
[SourceQuality "1"]

1. e4 c5 2. Nf3 Nc6 3. Bb5 a6 4. Bxc6 bxc6 5. d3 d5 6. 0-0 Bg4 7. Nbd2 Nf6 8. h3 Bxf3 9. Qxf3 e6 10. Qe2 Qb6 11. Kh1 Be7 12. f4 0-0-0 13. Nf3 Nd7 14. Rb1 Rhe8 15. Be3 Qc7 16. a3 f5 17. b4 fxe4 18. dxe4 c4 19. Nd4 Bf8 20. e5 g5 21. Qg4 gxf4 22. Bxf4 h5 23. Qxh5 c5 24. bxc5 Bxc5 25. c3 Bxd4 26. cxd4 Rh8 27. Qf7 Qc6 28. Bg5 Rde8 29. Be7 Reg8 30. Bd6 Re8 31. Qxd7+ 1-0

[Event "Tatry op"]
[Site "Tatranske Zruby"]
[Date "2015.09.27"]
[Round "2"]
[White "Michalicka, Milan"]
[Black "Ziogas, Modestas"]
[Result "1-0"]
[WhiteElo "2185"]
[BlackElo "2002"]
[PlyCount "117"]
[EventDate "2015.09.26"]
[EventType "swiss"]
[EventRounds "9"]
[EventCountry "SVK"]
[SourceTitle "CBM 168 Extra"]
[Source "ChessBase"]
[SourceDate "2015.10.29"]
[SourceVersion "1"]
[SourceVersionDate "2015.10.29"]
[SourceQuality "1"]

1. d4 d5 2. c4 Nf6 3. cxd5 Qxd5 4. Nc3 Qa5 5. Nf3 Nc6 6. g3 Bg4 7. Ne5 Nxe5 8. dxe5 Qxe5 9. Bg2 c6 10. Qb3 Qc7 11. 0-0 e5 12. Bg5 Be7 13. Rac1 Be6 14. Qa4 0-0 15. Bxf6 Bxf6 16. Nd5 Qd8 17. Nxf6+ Qxf6 18. Rfd1 Qe7 19. a3 Rfd8 20. Qa5 f6 21. Be4 f5 22. Bc2 Bd5 23. Bxf5 e4 24. Qc3 Rf8 25. Bh3 Rf6 26. Bg2 Raf8 27. Rf1 Re6 28. Qe3 a6 29. Rc3 Qf7 30. Rc2 Qf5 31. Rd2 Qh5 32. Rd4 Rfe8 33. Rb4 b5 34. Rd4 Rh6 35. h3 Rhe6 36. b4 Qg6 37. Rd2 Qf6 38. Qd4 Qg5 39. h4 Qg6 40. e3 Qf6 41. Rc1 Qxd4 42. Rxd4 Rf6 43. Rc2 g6 44. Bh3 Rf7 45. Bg4 Kg7 46. Bd1 Ref8 47. Rcd2 Kf6 48. Bc2 Ke5 49. Bb1 Rd7 50. Bxe4 Rfd8 51. Bxd5 Rxd5 52. Rxd5+ Rxd5 53. Rxd5+ Kxd5 54. Kf1 c5 55. bxc5 Kxc5 56. Ke2 Kc4 57. e4 a5 58. f4 b4 59. axb4 1-0

[Event "LTU-ch sf"]
[Site "Vilnius"]
[Date "2012.02.23"]
[Round "6"]
[White "Ziogas, Modestas"]
[Black "Askinazi, Feliksas"]
[Result "1-0"]
[WhiteElo "1944"]
[BlackElo "1814"]
[PlyCount "41"]
[EventDate "2012.02.19"]
[EventType "swiss"]
[EventRounds "8"]
[EventCountry "LTU"]
[SourceTitle "CBM 147 Extra"]
[Source "ChessBase"]
[SourceDate "2012.04.24"]
[SourceVersion "1"]
[SourceVersionDate "2012.04.24"]
[SourceQuality "1"]

1. d4 d5 2. Nc3 e6 3. Nf3 c6 4. Bg5 Be7 5. h4 Nd7 6. Qd3 c5 7. e4 c4 8. Qe3 h6 9. Bf4 Ngf6 10. 0-0-0 Ng4 11. Qe2 Bb4 12. exd5 0-0 13. dxe6 Ndf6 14. exf7+ Rxf7 15. Ne5 Nxe5 16. dxe5 Qa5 17. exf6 Rxf6 18. Be5 Re6 19. f4 Bxc3 20. Bxc3 Qxa2 21. Qxc4 1-0

[Event "LTU-ch sf"]
[Site "Vilnius"]
[Date "2012.02.19"]
[Round "2"]
[White "Ziogas, Modestas"]
[Black "Valantiejus, Vaidotas"]
[Result "1-0"]
[WhiteElo "1944"]
[BlackElo "1942"]
[PlyCount "83"]
[EventDate "2012.02.19"]
[EventType "swiss"]
[EventRounds "8"]
[EventCountry "LTU"]
[SourceTitle "CBM 147 Extra"]
[Source "ChessBase"]
[SourceDate "2012.04.24"]
[SourceVersion "1"]
[SourceVersionDate "2012.04.24"]
[SourceQuality "1"]

1. d4 Nf6 2. Nc3 d5 3. Bg5 c5 4. Nf3 e6 5. e4 dxe4 6. Nxe4 Nbd7 7. dxc5 Qa5+ 8. Bd2 Qc7 9. Nxf6+ Nxf6 10. Bb5+ Nd7 11. b4 Be7 12. 0-0 Bf6 13. Rb1 0-0 14. Re1 a5 15. a3 axb4 16. axb4 b6 17. cxb6 Nxb6 18. c4 Rd8 19. Qc1 Bb7 20. Bf4 Qc8 21. Ne5 Ra2 22. Qe3 Bxe5 23. Bxe5 Nd7 24. Bc3 Ra3 25. Qc1 Qa8 26. Ra1 Rxa1 27. Bxa1 e5 28. f3 f6 29. c5 Bd5 30. Rd1 Nf8 31. c6 Ne6 32. Kh1 Nc7 33. Be2 Qb8 34. Qc5 Ne6 35. Qc3 Qc7 36. b5 Nd4 37. Bc4 Kh8 38. Bxd5 Rxd5 39. b6 Qc8 40. Qc4 Rd6 41. Bxd4 h6 42. c7 1-0

[Event "Krakow op-B 21st"]
[Site "Krakow"]
[Date "2010.12.27"]
[Round "3.7"]
[White "Gawiec, Konrad"]
[Black "Ziogas, Modestas"]
[Result "0-1"]
[WhiteElo "1846"]
[BlackElo "2005"]
[PlyCount "46"]
[EventDate "2010.12.27"]
[EventType "swiss"]
[EventRounds "9"]
[EventCountry "POL"]
[SourceTitle "EXT 2023"]
[Source "ChessBase"]
[SourceDate "2022.10.05"]
[SourceVersion "1"]
[SourceVersionDate "2022.10.05"]
[SourceQuality "1"]

1. e4 c5 2. Nf3 Nc6 3. d4 cxd4 4. Nxd4 Nf6 5. Nc3 e5 6. Ndb5 d6 7. a4 a6 8. Na3 Be6 9. Bc4 Be7 10. 0-0 0-0 11. h3 Rc8 12. Be3 Qc7 13. Bd5 Nb4 14. Rc1 Qa5 15. Bb3 Rfd8 16. Qe2 d5 17. exd5 Nfxd5 18. Nxd5 Nxd5 19. Nc4 Rxc4 20. Bxc4 Nxe3 21. Qxe3 Bxc4 22. Rfd1 h6 23. b3 Bg5 0-1

[Event "LTU-chT2 1011"]
[Site "Lithuania"]
[Date "2010.12.05"]
[Round "3.31"]
[White "Velioniskis, Robertas"]
[Black "Ziogas, Modestas"]
[Result "1-0"]
[WhiteElo "1865"]
[BlackElo "2005"]
[PlyCount "67"]
[EventDate "2010.11.06"]
[EventType "team-tourn"]
[EventRounds "9"]
[EventCountry "LTU"]
[SourceTitle "EXT 2012"]
[Source "ChessBase"]
[SourceDate "2011.11.24"]
[SourceVersion "1"]
[SourceVersionDate "2011.11.24"]
[SourceQuality "1"]

1. d4 d5 2. c4 c6 3. Nf3 Nf6 4. Nc3 e6 5. e3 Nbd7 6. Qc2 Bd6 7. b3 0-0 8. Be2 Re8 9. Bb2 Nf8 10. 0-0 Ng6 11. Rfe1 Bd7 12. e4 Bb4 13. e5 Ne4 14. Bd3 Bxc3 15. Bxc3 Nxc3 16. Qxc3 a5 17. a4 Rc8 18. c5 b6 19. b4 axb4 20. Qxb4 Rb8 21. Reb1 bxc5 22. Qxc5 Nf4 23. Bf1 g5 24. a5 g4 25. Ne1 Qg5 26. Qd6 Rxb1 27. Rxb1 Nh3+ 28. gxh3 gxh3+ 29. Kh1 Qf4 30. Bd3 Qxf2 31. Qxd7 Ra8 32. Qe7 Qxd4 33. Qg5+ Kh8 34. Qh6 1-0